Ricostruisci la Carriera del Calciatore - Gennaro Gattuso - Statistics

Statistiche generali
  • Questo quiz è stato fatto 10 volte
  • Il punteggio medio è 5 su 5
Statistiche sulle risposte
Hint Risposta % Corretto
1995-1997 Perugia
100%
2012-2013 Sion
100%
1999-2012 Milan
90%
1997-1998 Rangers
80%
1998-1999 Salernitana
80%
Nessun quiz corrispondente trovato
Distribuzione punteggi
Percentuale di utenti per punteggio
Percentile per numero di risposta
I tuoi punteggi nel tempo
Non hai fatto questo quiz